Senior workshop calculations / (Record no. 180229)
[ view plain ]
| 000 -LEADER | |
|---|---|
| fixed length control field | 00969 a2200181 4500 |
| 003 - CONTROL NUMBER IDENTIFIER | |
| control field | Nust |
| 005 - DATE AND TIME OF LATEST TRANSACTION | |
| control field | 20221118130659.0 |
| 040 ## - CATALOGING SOURCE | |
| Transcribing agency | Nust |
| 082 ## - DEWEY DECIMAL CLASSIFICATION NUMBER | |
| Classification number | 515,CHA |
| 100 ## - MAIN ENTRY--PERSONAL NAME | |
| Personal name | Chapman, William Arthur James |
| 9 (RLIN) | 103067 |
| 245 ## - TITLE STATEMENT | |
| Title | Senior workshop calculations / |
| Statement of responsibility, etc. | Chapman,W.A.J |
| 260 ## - PUBLICATION, DISTRIBUTION, ETC. | |
| Place of publication, distribution, etc. | London |
| Name of publisher, distributor, etc. | Arnold |
| Date of publication, distribution, etc. | 1954 |
| 300 ## - PHYSICAL DESCRIPTION | |
| Extent | 435p |
| 505 ## - FORMATTED CONTENTS NOTE | |
| Formatted contents note | Chapter1.Coefficient (Page-1), 2. Algebraic multiplication and division (Page-30), Chap#3 Solutions of equations (Page-53), Chap#4.Trignometrical ratios (Page-71), Chap#5 Limits and tolerance (Page-112), Chap#6. Speeds and feeds (Page-154), Chap#7. Involute gear teeth (Page-181), Chap#8. Milling cutters (Page-211), Chap#9. Vectorial representation (Page-245), Chap#10 Velocity (Page-293), Chap#11 Length and Inclination of aline (Page-320), Chap#12 Graphs and their functions (Page-347). |
| 600 ## - SUBJECT ADDED ENTRY--PERSONAL NAME | |
| Personal name | Chapman, William Arthur James |
| 9 (RLIN) | 103067 |
| 650 ## - SUBJECT ADDED ENTRY--TOPICAL TERM | |
| Topical term or geographic name entry element | Senior workshop calculations |
| 9 (RLIN) | 103068 |
| 942 ## - ADDED ENTRY ELEMENTS (KOHA) | |
| Source of classification or shelving scheme | |
| Koha item type | Book |
| Call number prefix | 515,CHA |
| Withdrawn status | Lost status | Source of classification or shelving scheme | Damaged status | Not for loan | Permanent Location | Current Location | Shelving location | Date acquired | Full call number | Barcode | Date last seen | Price effective from | Koha item type | Public note |
|---|---|---|---|---|---|---|---|---|---|---|---|---|---|---|
| Military College of Signals (MCS) | Military College of Signals (MCS) | General Stacks | 12/12/2016 | 515,CHA | MCS7438 | 12/08/2016 | 12/12/2016 | Book | Almirah No.11, Shelf No.6 |
